| 000 | 00595nam a2200169 a 4500 | ||
|---|---|---|---|
| 008 | 120416s1999 ||||||||||||||||| || u | ||
| 020 | _a0521776783 | ||
| 050 | _aQK 649 Var | ||
| 100 | _a[and others] | ||
| 245 | 1 | 0 |
_aVariation in leaf structure: an ecophysiological perspective _cedited by E. Garnier |
| 260 |
_aCambridge _bCUP _c1999 |
||
| 350 | _a0.00 | ||
| 650 | _aPLANTS | ||
| 650 | _aPlants--Variation | ||
| 700 | _aGardnier, E | ||
| 995 |
_D0.00 _FCBU-MAIN LIBRARY (Kitwe) _H1 _I19.99 _M1 _UAVAILABLE _ZMain Library Open Access Collection |
||
| 999 |
_c61248 _d61248 |
||